Lengua castellana y comunicación 2§ medio: texto del estudiante

Guardat en:
Dades bibliogràfiques
Autors principals: Lizama Améstica, Patricio (autor), Piña, Juan Andrés (Autor), Rodríguez Aguirrezábal, Ignacio J (Autor), Stevenson V., Alejandra (Autor), Toro Arriagada, Gabriela (Autor)
Altres autors: Ortúzar Meza, Carmen (autora)
Format: Llibre
Idioma:espanyol
Publicat: Santiago Arrayán 1999
Edició:1a. ed
Matèries:
Etiquetes: Afegir etiqueta
Sense etiquetes, Sigues el primer a etiquetar aquest registre!

MARC

LEADER 00000nam a2200000 a 4500
001 UCH8346
003 CL-VaPUC
008 091127e19990000CL |||||||||||||||||spa|d
020 |a 9562402762 
082 0 4 |a 407.12  |b LIZ  |2 21 
100 |a Lizama Améstica, Patricio  |e autor  |9 544879 
700 |a Ortúzar Meza, Carmen  |e autora  |9 544982 
700 0 |a Piña, Juan Andrés  |e author  |9 544881 
700 0 |a Rodríguez Aguirrezábal, Ignacio J  |e author  |9 544882 
700 0 |a Stevenson V., Alejandra  |e author  |9 544883 
700 0 |a Toro Arriagada, Gabriela  |e author  |9 544884 
245 1 0 |a Lengua castellana y comunicación 2§ medio: texto del estudiante 
250 |a 1a. ed 
300 |a 296 p 
942 |c BK 
945 |d 20091127 00:00:00  |a lazolas 
260 |a Santiago  |b Arrayán  |c 1999 
650 0 |a Educación lingüística  |9 306506 
650 0 |a Libros de texto  |9 270019 
650 0 |a Métodos de enseñanza  |9 270413 
583 |a last modification  |c 20091127 00:00:00  |k Rodrigo Vera 
999 |c 338568  |d 338566